000 006720000a22001930004500
999 _c61362
_d61362
001 768714001
003 CO-MdFUSB
005 20170831112539.0
008 170831s2006 xxu||||| |||| 00| 0 eng d
022 _a0120-3649
040 _aCO-MdFUSB
_bspa
_cCO-MdFUSB
_dCO-MdFUSB
041 _aeng
100 1 _aCline, Eric H.
_eautor
245 1 0 _aYour career is in ruins :
_bhow to start an excavation in five not so easy steps
_c/ Cline, Eric H.
300 _aVolumen 32. Número 1 (2006), páginas 34-37
_c: 28 cm.
546 _aTexto en inglés
773 0 _tBiblical Archaeology Review
_049395
_959450
_gVolumen 32. Número 1 (2006), páginas 34-37
_qPágina 34
942 _cANA